Differential mechanisms linking early childhood threat and social/environmental deprivation to adolescent conduct problems
Purpose: The dimensional model of adversity and psychopathology (DMAP) posits dimensions of childhood adversity (i.e., deprivation, threat) differentially predict child neurobiological outcomes. Both deprivation and threat are associated with higher child conduct problems. The present study explored...
| Authors: | ; ; ; |
|---|---|
| Format: | Electronic Article |
| Language: | English |
| Published: |
2025
|
| In: |
Journal of family violence
Year: 2025, Volume: 40, Issue: 3, Pages: 541-553 |
| Online Access: |
Volltext (lizenzpflichtig) Volltext (lizenzpflichtig) |
| Check availability: | HBZ Gateway |
| Keywords: |
MARC
| LEADER | 00000naa a22000002c 4500 | ||
|---|---|---|---|
| 001 | 1941251137 | ||
| 003 | DE-627 | ||
| 005 | 20251114083327.0 | ||
| 007 | cr uuu---uuuuu | ||
| 008 | 251114s2025 xx |||||o 00| ||eng c | ||
| 024 | 7 | |a 10.1007/s10896-023-00627-2 |2 doi | |
| 035 | |a (DE-627)1941251137 | ||
| 035 | |a (DE-599)KXP1941251137 | ||
| 040 | |a DE-627 |b ger |c DE-627 |e rda | ||
| 041 | |a eng | ||
| 084 | |a 2,1 |2 ssgn | ||
| 100 | 1 | |a Awada, Samantha R. |e VerfasserIn |0 (orcid)0000-0001-8723-0121 |4 aut | |
| 245 | 1 | 0 | |a Differential mechanisms linking early childhood threat and social/environmental deprivation to adolescent conduct problems |c Samantha R. Awada, Elizabeth C. Shelleby, Demy Alfonso, Joanna Keane |
| 264 | 1 | |c 2025 | |
| 300 | |b Illustration | ||
| 336 | |a Text |b txt |2 rdacontent | ||
| 337 | |a Computermedien |b c |2 rdamedia | ||
| 338 | |a Online-Ressource |b cr |2 rdacarrier | ||
| 500 | |a Literaturverzeichnis: Seite 551-553 | ||
| 520 | |a Purpose: The dimensional model of adversity and psychopathology (DMAP) posits dimensions of childhood adversity (i.e., deprivation, threat) differentially predict child neurobiological outcomes. Both deprivation and threat are associated with higher child conduct problems. The present study explored whether dimensions of childhood adversity during the child’s first five years of life differentially conferred cognitive (i.e., working memory facet of executive dysfunction) and affective (i.e., anger dysregulation) risk (measured at child age 9) of developing child conduct problems at child age 15. Method: Data are from The Future of Families and Child Wellbeing Study (FFCWS), a longitudinal birth cohort study comprising 4,898 families. Results: Two structural equation models were conducted utilizing lavaan in R. The first model examined direct effects of dimensions of adversity on adolescent conduct problems at age 15. The second model examined whether cognitive and affective outcomes at age 9 mediated the association between dimensions of adversity and adolescent conduct problems at age 15. Conclusions: Consistent with the DMAP, findings indicated the link between higher deprivation and lower working memory was trending. Partially inconsistent with hypotheses, both higher deprivation and threat were associated with higher anger dysregulation. Higher anger dysregulation, but not working memory, was associated with higher adolescent conduct problems. Indirect effects suggested associations between both deprivation and threat and child conduct problems operated through higher dysregulation. | ||
| 650 | 4 | |a Adversity | |
| 650 | 4 | |a Anger dysregulation | |
| 650 | 4 | |a Conduct problems | |
| 650 | 4 | |a Executive functioning | |
| 700 | 1 | |a Shelleby, Elizabeth C. |e VerfasserIn |4 aut | |
| 700 | 1 | |a Alfonso, Demy |e VerfasserIn |4 aut | |
| 700 | 1 | |a Keane, Joanna |e VerfasserIn |4 aut | |
| 773 | 0 | 8 | |i Enthalten in |t Journal of family violence |d Getzville, NY : HeinOnline, 1986 |g 40(2025), 3, Seite 541-553 |h Online-Ressource |w (DE-627)320574547 |w (DE-600)2016884-6 |w (DE-576)121465950 |x 1573-2851 |7 nnas |
| 773 | 1 | 8 | |g volume:40 |g year:2025 |g number:3 |g pages:541-553 |
| 856 | 4 | 0 | |u https://doi.org/10.1007/s10896-023-00627-2 |x Resolving-System |z lizenzpflichtig |3 Volltext |7 1 |
| 856 | 4 | 0 | |u https://link.springer.com/article/10.1007/s10896-023-00627-2 |x Verlag |z lizenzpflichtig |3 Volltext |7 1 |
| 951 | |a AR | ||
| ELC | |a 1 | ||
| LOK | |0 000 xxxxxcx a22 zn 4500 | ||
| LOK | |0 001 4805983639 | ||
| LOK | |0 003 DE-627 | ||
| LOK | |0 004 1941251137 | ||
| LOK | |0 005 20251114081603 | ||
| LOK | |0 008 251114||||||||||||||||ger||||||| | ||
| LOK | |0 040 |a DE-2619 |c DE-627 |d DE-2619 | ||
| LOK | |0 092 |o n | ||
| LOK | |0 852 |a DE-2619 | ||
| LOK | |0 852 1 |9 00 | ||
| LOK | |0 935 |a krzo | ||
| LOK | |0 939 |a 14-11-25 |b l01 | ||
| ORI | |a SA-MARC-krimdoka001.raw | ||
